[Event "LN Tolstoy Memorial 2021"]
[Site "Yasnaya Polyana"]
[Date "2021.09.12"]
[Round "8.2"]
[White "Alekseenko, Kirill"]
[Black "Korobov, Anton"]
[Result "1-0"]
[WhiteElo "2693"]
[BlackElo "2685"]
[Annotator "TA"]
[PlyCount "109"]
[EventDate "2021.09.11"]
[EventType "tourn"]
[EventCountry "RUS"]
[SourceTitle "playchess.com"]
[Source "ChessBase"]
[SourceQuality "1"]

{[%evp 17,109,0,0,1,31,28,46,32,43,40,53,49,60,76,66,73,74,75,67,68,71,73,62,
70,80,16,61,42,56,58,110,118,167,160,185,123,141,122,143,102,123,120,191,190,
197,183,153,92,108,95,97,22,18,25,25,11,22,0,0,0,0,0,20,36,23,27,37,26,51,41,
96,0,61,77,331,323,355,332,386,192,767,198,218,230,29984,29985,29985,29986,
29986,29987,29987,29988,29993,29994]} 1. e4 c5 2. Nf3 d6 3. d4 cxd4 4. Nxd4 Nf6
5. Nc3 a6 6. Be2 e5 7. Nb3 Be7 8. O-O O-O 9. Kh1 Nbd7 10. a4 {B92: Sicilian
Najdorf: 6 Be2.} b6 11. f3 Bb7 12. Be3 {White is slightly better.} Qc7 13. Rf2
Rfd8 14. Bf1 Nc5 15. Rd2 Ncd7 16. Be2 h6 17. Qf1 {[#]} Nh5 $146 ({Predecessor:
} 17... Rdc8 18. Rad1 Bf8 19. Qg1 Rcb8 20. Nc1 Bc6 21. N1a2 b5 22. axb5 Bxb5
23. Bxb5 axb5 {0-1 (46) Jasny,S (2351)-Rosko,L (2305) Czech Republic 2011}) 18.
g3 Nhf6 19. Rad1 Re8 20. Nc1 d5 21. exd5 (21. Nxd5 $16 Nxd5 22. exd5) 21... Bc5
22. Qf2 e4 {White must now prevent ...exf3.} 23. f4 Bxe3 (23... Rac8 $14) 24.
Qxe3 $16 Qd6 25. Rd4 Rac8 26. N1a2 ({Inferior is} 26. Nxe4 Nxe4 27. Rxe4 Bxd5
$15) (26. g4 $18) 26... Re7 27. h3 Nc5 28. Kh2 h5 29. Nb4 Rce8 (29... Rd7 $16 {
keeps fighting.}) 30. Nc6 $18 Bxc6 31. dxc6 Qxc6 32. Rd6 (32. g4 $142) 32...
Qc7 $16 {[#]} 33. Rxf6 $1 {[%mdl 512]} gxf6 {[#]} 34. Nd5 (34. b4 $1 $16 {
Hoping for Nd5.} Nd7 35. Bxa6) 34... Qc6 $11 35. Nxe7+ Rxe7 36. b3 Ne6 37. Rd2
Ng7 38. g4 hxg4 39. hxg4 b5 40. axb5 axb5 41. f5 Ne8 42. Kg1 Nc7 43. Bf1 {
Strongly threatening Rh2.} Nd5 (43... Rd7 $1 $14) 44. Qh3 ({White should play} 
44. Qh6 $16 Qc5+ 45. Kh1) 44... Qc5+ ({Better is} 44... Ra7 $11 45. Qg3 Kg7)
45. Kh1 $14 {Threatening mate with Rh2.} Re5 $2 {[%mdl 8192] [#] This move
loses the game for Black.} (45... Rd7 $16 46. Qg3 (46. Rh2 Kf8 $11) 46... Qb6)
46. c4 $1 $18 (46. Rh2 Kf8 $16) 46... bxc4 47. bxc4 Nc7 48. Qh6 $40 {[%mdl 128]
White attacks with force.} ({Less strong is} 48. Rh2 Kf8 $14) (48. g5 $142 e3
49. Rh2) 48... Qa3 $2 (48... Qf8 49. Qxf6 Qg7 50. Qxg7+ Kxg7) 49. Qxf6 $2 (49.
Rh2 {[%csl Gh2][%cal Rh6h8]} Qf3+ 50. Kg1 Qxg4+ 51. Rg2 Qxg2+ 52. Bxg2) 49...
Qf3+ 50. Bg2 Qf4 (50... Qe3 $18 51. Rd7 Qc1+ 52. Kh2 Qf4+ 53. Kh3 Qe3+ 54. Kh4
Qf2+ 55. Kh5 Rxf5+ 56. gxf5 Qe2+ 57. Kh6 Qe3+ 58. Qg5+ Qxg5+ 59. Kxg5 e3 60.
Rxc7 e2) 51. Rd7 $1 {[%csl LRc7,LRf7][%mdl 64] Double Attack. White mates.}
Qc1+ 52. Kh2 Qf4+ 53. Kh3 Qe3+ 54. Kh4 Qe1+ 55. Kh5 {Weighted Error Value:
White=0.27/Black=0.40} 1-0

[Event "LN Tolstoy Memorial 2021"]
[Site "Yasnaya Polyana"]
[Date "2021.09.12"]
[Round "8.3"]
[White "Giri, Anish"]
[Black "Paravyan, David"]
[Result "1-0"]
[WhiteElo "2777"]
[BlackElo "2660"]
[Annotator "TA"]
[PlyCount "85"]
[EventDate "2021.09.11"]
[EventType "tourn"]
[EventCountry "RUS"]
[SourceTitle "playchess.com"]
[Source "ChessBase"]
[SourceQuality "1"]

{[%evp 14,85,37,13,10,10,7,9,16,0,19,19,52,51,42,0,12,11,45,44,28,9,17,0,0,0,0,
0,0,0,0,0,52,14,33,25,72,75,72,72,120,114,283,280,285,199,199,199,199,212,199,
200,343,239,573,573,566,566,493,90,1952,1818,12837,12838,29986,12839,12839,
12839,12840,12840,29990,29991,29994,29994]} 1. Nf3 f5 2. d4 Nf6 3. g3 e6 4. c4
Be7 5. Bg2 O-O 6. O-O d5 7. b3 Ne4 8. Ba3 b6 {A93: Classical Dutch: Classical
Stonewall: 7 b3.} 9. Bxe7 Qxe7 10. Qc2 Bb7 {[#] The position is equal.} 11. Nc3
$146 ({Predecessor:} 11. Nbd2 c5 12. dxc5 bxc5 13. Ne5 Qd6 14. Nxe4 fxe4 15. f4
exf3 16. Nxf3 {1-0 (39) Kovacevic,B (2447)-Gleizerov,E (2565) Zagreb 2010})
11... Nd7 12. e3 Rac8 13. cxd5 exd5 14. Rac1 c5 {Hoping for ...cxd4.} 15. Qb2
c4 (15... Qe6 {with more complications.} 16. Ne2 g5 17. Ne5 Ba6 18. Nxd7 Qxd7
19. Rfe1 Bxe2 20. Qxe2 cxd4 21. exd4 g4) 16. bxc4 dxc4 17. Nxe4 Bxe4 ({Wrong is
} 17... Qxe4 $2 18. Nh4 $18) 18. Nd2 Bxg2 19. Kxg2 Qe6 20. Qb5 {[%cal Rc1c4]}
a6 21. Qxa6 {[%cal Rc1c4]} Qd5+ 22. Kg1 {[%cal Rd2c4]} b5 (22... c3 $11) 23.
Rb1 Rb8 24. Qa5 f4 25. exf4 {Black is on the road to losing.} ({Don't play} 25.
gxf4 Rb6 $11) 25... Qxd4 26. Rfd1 {And now Nxc4! would win.} Ne5 27. fxe5 {
Strongly threatening Nf3.} c3 $2 {[#]} (27... Qxf2+ $16 28. Kh1 Qd4) 28. Nf3 $1
$18 {[%cal Rf3d4]} Qc4 {...c2 is the strong threat.} (28... Qe4 29. Qxc3) 29.
Rd4 Qe2 30. Qxc3 Rxf3 31. Qe1 Qxa2 {intending ...Rxf2.} 32. Rd2 Qc4 (32... Qe6
{was called for.} 33. Rd6 Qe7) 33. Rc1 Qg4 (33... Qe6 {is more resistant.} 34.
Rb1 Rf5) 34. e6 Re8 35. e7 Kf7 36. Rc7 (36. Qd1 $18 {and the rest is easy.})
36... Qg5 $2 {[%mdl 8192]} (36... Rf6 $16) 37. Qd1 Ra3 38. Rd8 {Threatening
mate with Rxe8.} Qe5 39. Rxe8 (39. Qd7 $142 Ra1+ 40. Kg2 Qe4+ 41. Kh3 (41. f3
Qe2+ 42. Kh3 Qf1+ 43. Kh4 Ra4+ 44. f4 Rxf4+ 45. gxf4 Qxf4+ 46. Kh3 Qf3+ 47. Kh4
Qf4+ {[%mdl 64] Double Attack} 48. Kh3 Qf3+ 49. Kh4 Qf4+ $11 {[%mdl 64] Double
Attack}) 41... Qe6+ 42. Qxe6+ {[%mdl 64] Overworked Piece} Kxe6 43. Rxe8 Re1
44. Rd8) 39... Qxc7 40. Qh5+ {[%mdl 64] Double Attack} g6 41. Rf8+ Kg7 {[#]}
42. Rg8+ $1 {[%mdl 512]} Kf6 (42... Kxg8 43. Qd5+) 43. e8=N+ {[%mdl 64] Double
Attack.  Weighted Error Value: White=0.28/Black=0.73} 1-0

[Event "LN Tolstoy Memorial 2021"]
[Site "Yasnaya Polyana"]
[Date "2021.09.12"]
[Round "8.4"]
[White "Vitiugov, Nikita"]
[Black "Tomashevsky, Evgeny"]
[Result "1/2-1/2"]
[WhiteElo "2727"]
[BlackElo "2708"]
[Annotator "TA"]
[PlyCount "53"]
[EventDate "2021.09.11"]
[EventType "tourn"]
[EventCountry "RUS"]
[SourceTitle "playchess.com"]
[Source "ChessBase"]
[SourceQuality "1"]

{[%evp 13,53,21,20,17,24,31,25,10,29,0,31,28,42,30,50,43,59,44,63,60,70,71,96,
68,95,93,117,66,83,104,114,119,107,0,49,-12,46,0,60,-10,24,0]} 1. d4 Nf6 2. c4
e6 3. Nc3 Bb4 4. Qc2 d5 5. cxd5 exd5 6. Bg5 h6 7. Bh4 {7.Bh4 scores better
than 7.Bxf6.} c5 8. dxc5 {E35: Nimzo-Indian: Classical: 4...d5 5 cxd5 exd5.}
O-O 9. e3 Be6 10. Nf3 Nbd7 11. a3 Bxc5 (11... Bxc3+ $5 12. Qxc3 g5 $11) 12. Bd3
Rc8 13. O-O Be7 14. Nd4 Nc5 {[#]} 15. Qe2 $146 ({Predecessor:} 15. Nf5 Nxd3 16.
Qxd3 Bxf5 17. Qxf5 Qd6 18. Rfd1 Qe6 19. Qf3 Rfd8 20. Rd4 g5 21. Bg3 Bc5 22. Rd3
Ne4 23. Rad1 {1/2-1/2 (23) Cernousek,L (2458)-Hracek,Z (2555) Czech Republic
2019}) 15... Bg4 16. f3 Be6 17. Bc2 Qb6 18. Kh1 Rfd8 19. g4 Re8 20. g5 (20. Qg2
$16) 20... hxg5 21. Bxg5 Bh3 22. Rg1 Ne6 23. Bh6 (23. Bxf6 $16 Bxf6 24. Qd3)
23... Bf8 24. Qd3 {[#]} (24. Qf2 $14) 24... Nc5 ({Black should try} 24... Ne4
$1 $11 25. Nxe4 (25. fxe4 Nc5 $11 {[%mdl 64] Double Attack}) 25... dxe4 26.
Qxe4 {[#]} Ng5 $1) 25. Qe2 Ne6 $1 {[%cal Re6d4]} 26. Qd3 (26. Qf2 $14) 26...
Nc5 27. Qe2 {Weighted Error Value: White=0.26/Black=0.15} 1/2-1/2

[Event "LN Tolstoy Memorial 2021"]
[Site "Yasnaya Polyana"]
[Date "2021.09.12"]
[Round "8.5"]
[White "Abdusattorov, Nodirbek"]
[Black "Andreikin, Dmitry"]
[Result "1/2-1/2"]
[WhiteElo "2648"]
[BlackElo "2728"]
[Annotator "TA"]
[PlyCount "69"]
[EventDate "2021.09.11"]
[EventType "tourn"]
[EventCountry "RUS"]
[SourceTitle "playchess.com"]
[Source "ChessBase"]
[SourceQuality "1"]

{[%evp 13,69,0,0,-5,-2,-26,39,25,51,0,0,0,-4,0,0,-4,13,4,7,7,49,0,0,0,0,0,0,0,
0,-18,-17,-41,-33,-45,-35,-47,-21,-7,0,-26,0,-11,0,0,0,0,0,-52,0,0,0,-52,0,0,0,
-52,0,0]} 1. c4 e6 2. Nc3 d5 3. d4 Be7 4. cxd5 exd5 5. Bf4 c6 6. e3 Bf5 7. g4
Be6 8. Bd3 {D31: Queen's Gambit Declined: Semi-Slav without ...Nf6 (+ Marshall
Gambit and Noteboom) and Exchange Variation lines without ...Nf6.} Nd7 9. h4
Qb6 (9... Bxh4 $11 10. Bf5 Bxf5 11. gxf5 Bg5) 10. Rb1 $14 {[#] White is
slightly better.} h6 $146 ({Predecessor:} 10... Ngf6 11. g5 Ne4 12. Qc2 Nd6 13.
h5 O-O-O 14. Bxd6 Bxd6 15. Bxh7 Kb8 16. Bf5 Rde8 {1-0 (42) Nikolov,S (2419)
-Logothetis,S (2233) Kavala 2004}) 11. Bf5 (11. Bg3 $14) 11... Bxf5 $11 12.
gxf5 Ngf6 13. Nf3 Ne4 14. Kf1 Qa6+ 15. Qe2 Qxe2+ 16. Kxe2 Ndf6 17. h5 Nd6 18.
Bxd6 Bxd6 19. b4 a6 20. Ne5 O-O 21. f3 Rfe8 22. Nd3 Re7 23. Kf2 Rae8 24. Rbe1
Kh7 (24... a5 $5 25. bxa5 Bc7 $17) 25. Re2 Bc7 26. Nc5 Bd6 27. Nd3 Bc7 28. a4
a5 29. b5 Bd6 30. b6 (30. bxc6 $11 bxc6 31. Nb1) 30... Nd7 31. Rb1 Nf6 32. Rh1
Nd7 33. Rb1 Nf6 34. Rh1 Nd7 (34... Bb4 $15 35. Nxb4 axb4) 35. Rb1 {Weighted
Error Value: White=0.12/Black=0.15} 1/2-1/2

[Event "LN Tolstoy Memorial 2021"]
[Site "Yasnaya Polyana"]
[Date "2021.09.12"]
[Round "9.2"]
[White "Tomashevsky, Evgeny"]
[Black "Abdusattorov, Nodirbek"]
[Result "1/2-1/2"]
[WhiteElo "2708"]
[BlackElo "2648"]
[Annotator "RC"]
[PlyCount "96"]
[EventDate "2021.09.11"]
[EventType "tourn"]
[EventCountry "RUS"]
[SourceTitle "playchess.com"]
[Source "ChessBase"]
[SourceQuality "1"]
[TimeControl "900+10"]

1. Nf3 {[%emt 0:00:46]} c5 {[%emt 0:00:04]} 2. c4 {[%emt 0:00:02]} Nc6 {
[%emt 0:00:03]} 3. Nc3 {[%emt 0:00:07]} g6 {[%emt 0:00:05]} 4. e3 {[%emt 0:00:
19]} Nf6 {[%emt 0:00:07]} 5. d4 {[%emt 0:00:02]} cxd4 {[%emt 0:00:02]} 6. exd4
{[%emt 0:00:02]} d5 {[%emt 0:00:02]} 7. cxd5 {[%emt 0:00:19]} Nxd5 {[%emt 0:00:
02]} 8. Qb3 {[%emt 0:00:05]} Nxc3 {[%emt 0:00:03]} 9. Bc4 {[%emt 0:00:02]} e6 {
[%emt 0:00:12]} 10. bxc3 {[%emt 0:00:11]} Bg7 {[%emt 0:00:05]} 11. Ba3 {
[%emt 0:00:19]} Bf8 {[%emt 0:00:01]} 12. Bc1 {[%emt 0:00:03]} Bg7 {[%emt 0:00:
01]} 13. Ba3 {[%emt 0:02:16]} Bf8 {[%emt 0:00:02]} 14. O-O {[%emt 0:01:45]}
Bxa3 {[%emt 0:01:36]} 15. Qxa3 {[%emt 0:00:02]} Qe7 {[%emt 0:00:02]} 16. Qc1 {
[%emt 0:00:09]} O-O {[%emt 0:00:05]} 17. Qh6 {[%emt 0:00:29]} Qf6 {[%emt 0:00:
49]} 18. Ng5 {[%emt 0:00:25]} Qg7 {[%emt 0:00:01]} 19. Qh4 {[%emt 0:00:02]} Na5
{[%emt 0:06:00]} 20. Bd3 {[%emt 0:01:12]} b6 {[%emt 0:00:04]} 21. Ne4 {[%emt 0:
02:18]} f6 {[%emt 0:03:28]} 22. Rfe1 {[%emt 0:00:11]} Bb7 {[%emt 0:00:15]} 23.
Nd6 {[%emt 0:01:56]} Qd7 {[%emt 0:00:40]} 24. Nxb7 {[%emt 0:00:02]} Nxb7 {
[%emt 0:00:01]} 25. Re3 {[%emt 0:00:01]} Nd6 {[%emt 0:00:19]} 26. Rae1 {
[%emt 0:00:14]} Rae8 {[%emt 0:00:02]} 27. Qg4 {[%emt 0:00:35]} f5 {[%emt 0:01:
01]} 28. Qf4 {[%emt 0:00:02]} Rf7 {[%emt 0:00:29]} 29. h4 {[%emt 0:00:07]} Rfe7
{[%emt 0:00:14]} 30. h5 {[%emt 0:01:09]} Nf7 {[%emt 0:00:02]} 31. Bc4 {[%emt 0:
00:23]} Kg7 {[%emt 0:00:23]} 32. Bb3 {[%emt 0:01:33]} Qd6 {[%emt 0:00:27]} 33.
h6+ {[%emt 0:00:26]} Kf8 {[%emt 0:00:37]} 34. Qh4 {[%emt 0:00:37]} e5 {[%emt 0:
00:41]} 35. dxe5 {[%emt 0:00:01]} Rxe5 {[%emt 0:00:40]} 36. Qc4 {[%emt 0:01:57]
} Nxh6 {[%emt 0:00:05]} 37. Rxe5 {[%emt 0:00:02]} Rxe5 {[%emt 0:00:02]} 38.
Qc8+ {[%emt 0:00:01]} Kg7 {[%emt 0:00:12]} 39. Rd1 {[%emt 0:00:15]} Ng4 {
[%emt 0:00:08]} 40. g3 {[%emt 0:00:53]} Qf6 {[%emt 0:01:09]} 41. Rd7+ {[%emt 0:
00:27]} Re7 {[%emt 0:00:09]} 42. Qc7 {[%emt 0:00:02]} Rxd7 {[%emt 0:00:21]} 43.
Qxd7+ {[%emt 0:00:01]} Kh6 {[%emt 0:00:14]} 44. Qxa7 {[%emt 0:00:01]} Qd8 {
[%emt 0:00:18]} 45. Qb7 {[%emt 0:00:15]} Qd6 {[%emt 0:00:11]} 46. Qh1+ {
[%emt 0:00:07]} Kg7 {[%emt 0:00:01]} 47. Qb7+ {[%emt 0:00:03]} Kh6 {[%emt 0:00:
01]} 48. Qh1+ {[%emt 0:00:05]} Kg7 {[%emt 0:00:00]} 1/2-1/2

[Event "LN Tolstoy Memorial 2021"]
[Site "Yasnaya Polyana"]
[Date "2021.09.12"]
[Round "9.3"]
[White "Paravyan, David"]
[Black "Vitiugov, Nikita"]
[Result "1-0"]
[WhiteElo "2660"]
[BlackElo "2727"]
[Annotator "RC"]
[PlyCount "89"]
[EventDate "2021.09.11"]
[EventType "tourn"]
[EventCountry "RUS"]
[SourceTitle "playchess.com"]
[Source "ChessBase"]
[SourceQuality "1"]
[TimeControl "900+10"]

1. e4 {[%emt 0:00:02]} c5 {[%emt 0:00:01]} 2. Nf3 {[%emt 0:00:02]} e6 {[%emt 0:
00:02]} 3. d4 {[%emt 0:00:01]} cxd4 {[%emt 0:00:01]} 4. Nxd4 {[%emt 0:00:02]}
a6 {[%emt 0:00:01]} 5. a3 {[%emt 0:00:01]} Nf6 {[%emt 0:00:10]} 6. Nc3 {
[%emt 0:00:02]} Qc7 {[%emt 0:00:01]} 7. f4 {[%emt 0:00:03]} d6 {[%emt 0:00:01]}
8. Be3 {[%emt 0:00:28]} h5 {[%emt 0:00:33]} 9. Be2 {[%emt 0:00:05]} b5 {
[%emt 0:00:28]} 10. O-O {[%emt 0:04:26]} Bb7 {[%emt 0:00:20]} 11. Bf3 {[%emt 0:
01:55]} Nbd7 {[%emt 0:00:04]} 12. Qe2 {[%emt 0:00:31]} Be7 {[%emt 0:04:13]} 13.
Rae1 {[%emt 0:00:21]} Rc8 {[%emt 0:01:01]} 14. Kh1 {[%emt 0:00:18]} h4 {
[%emt 0:01:15]} 15. h3 {[%emt 0:00:35]} g6 {[%emt 0:01:33]} 16. Qf2 {[%emt 0:
01:20]} Nh5 {[%emt 0:01:33]} 17. Nde2 {[%emt 0:00:41]} Qc4 {[%emt 0:01:03]} 18.
Rd1 {[%emt 0:00:14]} Qc7 {[%emt 0:00:51]} 19. Rd2 {[%emt 0:00:49]} Rh7 {
[%emt 0:00:21]} 20. Rfd1 {[%emt 0:00:16]} Bc6 {[%emt 0:01:03]} 21. Kg1 {
[%emt 0:00:09]} Bb7 {[%emt 0:00:15]} 22. Rd4 {[%emt 0:00:53]} Bc6 {[%emt 0:00:
17]} 23. R4d2 {[%emt 0:01:32]} Bb7 {[%emt 0:00:05]} 24. Rd4 {[%emt 0:01:11]}
Bc6 {[%emt 0:00:01]} 25. a4 {[%emt 0:00:14]} bxa4 {[%emt 0:00:20]} 26. Nxa4 {
[%emt 0:00:21]} Qb7 {[%emt 0:01:08]} 27. Nac3 {[%emt 0:02:23]} Qxb2 {[%emt 0:
00:39]} 28. Rb1 {[%emt 0:00:01]} Qa3 {[%emt 0:00:02]} 29. Rc4 {[%emt 0:00:03]}
Qa5 {[%emt 0:00:39]} 30. Nd4 {[%emt 0:00:11]} Bb7 {[%emt 0:00:01]} 31. Rxc8+ {
[%emt 0:00:57]} Bxc8 {[%emt 0:00:01]} 32. Qd2 {[%emt 0:00:08]} Qc7 {[%emt 0:00:
13]} 33. Na4 {[%emt 0:00:13]} Ng3 {[%emt 0:00:14]} 34. c4 {[%emt 0:00:09]} e5 {
[%emt 0:01:04]} 35. Ne2 {[%emt 0:00:07]} Nxe2+ {[%emt 0:00:20]} 36. Bxe2 {
[%emt 0:00:14]} exf4 {[%emt 0:00:35]} 37. Bxf4 {[%emt 0:00:01]} Ne5 {[%emt 0:
00:03]} 38. Nc3 {[%emt 0:00:18]} Be6 {[%emt 0:00:40]} 39. Nd5 {[%emt 0:00:01]}
Bxd5 {[%emt 0:00:12]} 40. Qxd5 {[%emt 0:00:02]} Bf6 {[%emt 0:00:03]} 41. Be3 {
[%emt 0:00:18]} Rh8 {[%emt 0:00:15]} 42. c5 {[%emt 0:00:06]} Qc6 {[%emt 0:00:
07]} 43. Rb8+ {[%emt 0:00:12]} Ke7 {[%emt 0:00:20]} 44. cxd6+ {[%emt 0:00:04]}
Kd7 {[%emt 0:00:10]} 45. Bg4+ {[%emt 0:00:02]} 1-0

[Event "LN Tolstoy Memorial 2021"]
[Site "Yasnaya Polyana"]
[Date "2021.09.12"]
[Round "9.4"]
[White "Korobov, Anton"]
[Black "Giri, Anish"]
[Result "1/2-1/2"]
[WhiteElo "2685"]
[BlackElo "2777"]
[Annotator "TA"]
[PlyCount "64"]
[EventDate "2021.09.11"]
[EventType "tourn"]
[EventCountry "RUS"]
[SourceTitle "playchess.com"]
[Source "ChessBase"]
[SourceQuality "1"]

{[%evp 19,64,9,43,4,5,0,2,-25,-20,-42,0,0,0,0,0,0,0,0,0,0,19,12,38,27,33,0,0,0,
0,0,0,0,0,0,0,0,0,0,0,0,0,0,0,0,0,0,0]} 1. d4 Nf6 2. c4 g6 3. Nc3 d5 4. cxd5
Nxd5 5. e4 Nxc3 6. bxc3 Bg7 7. Bc4 c5 8. Ne2 Nc6 9. Be3 O-O 10. O-O b6 11. Rc1
{D87: Exchange Grünfeld: Classical Line: Variations without ...cxd4.} Bb7 12.
Qd2 {12.Bb5 is the modern continuation.} Rc8 13. h4 {[#]} e5 $146 {[%cal Re5d4]
} ({Predecessor:} 13... e6 14. h5 cxd4 15. cxd4 Qh4 16. h6 Bf6 17. Bd3 Rcd8 18.
Qc3 Rd7 19. Rfd1 Rfd8 {0-1 (29) Urh,Z (2195)-Storme,I (2393) Uppsala 2020}) 14.
Bd5 exd4 (14... cxd4 {feels hotter.} 15. cxd4 Qxh4 16. dxe5 Bxe5 17. f4 Bb8)
15. cxd4 cxd4 16. Nxd4 Bxd4 17. Bxd4 Nxd4 18. Qxd4 h5 19. Rxc8 Qxc8 20. Rd1 Re8
21. Bb3 {[#] Qf6! is the strong threat.} Bxe4 22. Qf6 Qb7 {The position is
equal.} 23. Re1 {Hoping for f3.} Rf8 $1 24. f3 Bd5 25. Re7 Qc8 26. Bxd5 Qc5+ {
[%mdl 64] [#] Double Attack} 27. Kh2 {[%cal Rd5f7]} Qxd5 28. Rxa7 Re8 29. a4
Qe5+ 30. Qxe5 Rxe5 31. Rb7 Ra5 32. Rxb6 Rxa4 {Weighted Error Value: White=0.06/
Black=0.05} 1/2-1/2

[Event "LN Tolstoy Memorial 2021"]
[Site "Yasnaya Polyana"]
[Date "2021.09.12"]
[Round "9.5"]
[White "Gelfand, Boris"]
[Black "Alekseenko, Kirill"]
[Result "1/2-1/2"]
[WhiteElo "2680"]
[BlackElo "2693"]
[Annotator "TA"]
[PlyCount "28"]
[EventDate "2021.09.11"]
[EventType "tourn"]
[EventCountry "RUS"]
[SourceTitle "playchess.com"]
[Source "ChessBase"]
[SourceQuality "1"]

{[%evp 24,28,0,0,7,0,0]} 1. d4 Nf6 2. c4 e6 3. Nf3 d5 4. g3 Bb4+ 5. Bd2 Be7 6.
Bg2 O-O 7. O-O Nbd7 8. Qc2 c6 9. Bf4 b6 10. Rd1 Bb7 11. Ne5 Nh5 12. Bc1 Nhf6 {
[#]} 13. Bf4 $146 ({Predecessor:} 13. Nc3 Nxe5 14. dxe5 Ng4 15. Bf4 g5 16. Bc1
Nxe5 17. b3 Ng6 18. Bb2 Bf6 19. b4 Rc8 20. Ne4 Bxb2 21. Qxb2 {1/2-1/2 (49)
Grischuk,A (2766)-Anand,V (2764) Paris 2019}) 13... Nh5 {E08: Closed Catalan:
Main Line: 7 Qc2.} 14. Bc1 Nhf6 {An uneventful encounter. Not enough moves}
1/2-1/2